| 000 | 01117cam a22003375i 4500 | ||
|---|---|---|---|
| 999 |
_c21884 _d21856 |
||
| 001 | 014518993 | ||
| 003 | EG-ScBUE | ||
| 005 | 20210201140816.0 | ||
| 008 | 080206s2008 enk g 000 f eng d | ||
| 020 | _a9780141321264 (pbk.) | ||
| 020 | _a0141321261 (pbk.) | ||
| 040 |
_aStDuBDS _beng _erda _cStDuBDS _dEG-ScBUE |
||
| 082 | 0 | 4 |
_a813.6 _bRIO _222 |
| 100 | 1 |
_aRiordan, Rick, _eauthor. _940171 |
|
| 245 | 1 | 4 |
_aThe Titan's curse / _cRick Riordan. |
| 264 | 1 |
_aLondon : _bPuffin Books, _c2008. |
|
| 300 |
_a293 pages ; _c20 cm. |
||
| 336 |
_atext _btxt _2rdacontent |
||
| 337 |
_aunmediated _bn _2rdamedia |
||
| 338 |
_avolume _bnc _2rdacarrier |
||
| 490 | 0 |
_aPercy Jackson & the Olympians ; _vbook 3 |
|
| 500 | _a'Half boy & half god & all hero'-- Cover page | ||
| 600 | 1 | 7 |
_aJackson, Percy _c(Fictitious character) _vFiction. _2BUEsh _940173 |
| 600 | 1 | 7 |
_aArtemis _c(Greek deity) _vFiction. _2BUEsh |
| 650 | 7 |
_aTitans (Mythology) _vFiction _2BUEsh |
|
| 650 | 7 |
_aMythology, Greek _vFiction _2BUEsh |
|
| 650 | 7 |
_aAnimals, Mythical _vFiction _2BUEsh |
|
| 651 | _2BUEsh | ||
| 653 |
_bHHUUEENN _cJune2016 |
||
| 942 |
_2ddc _cBB |
||